TV Show by Cliffhanger Quiz Stats

Quiz Updated Dec 13, 2015

Challenge
Share
Tweet
Score 0/14 Timer 04:00
2 Plays Today
% Correct
The Simpsons
94.7%
Lost
85.7%
Star Trek: The Next Generation
83.2%
Sherlock
73%
Grey's Anatomy
65.1%
Breaking Bad
62.6%
Dallas
58.7%
% Correct
Downton Abbey
40.6%
24
33%
Fringe
32.3%
Doctor Who
18.9%
Buffy the Vampire Slayer
18.6%
Alias
17.8%
Dynasty
12.2%

You're not logged in!

Compare scores with friends on all Sporcle quizzes.
Sign Up with Email
OR
Log In

You Might Also Like...

Show Comments

Extras

Top Quizzes Today


Score Distribution

Your Account Isn't Verified!

In order to create a playlist on Sporcle, you need to verify the email address you used during registration. Go to your Sporcle Settings to finish the process.